000 00488pab a2200145 454500
008 180718b2015 xxu||||| |||| 00| 0 eng d
100 _aSivramkrishna, Sashi
245 _aEstimating agricultural productivity in Mysore and South Canara from Buchanan's journey (1800-01): Positioning India in the great divergence debate
260 _c2015
300 _ap.66-76.
362 _a18 Apr
650 _aAgricultural production
773 _aEconomic and Political Weekly
909 _a107470
999 _c107465
_d107465